000
00329nam a22001337a 4500
008
181011b xxu||||| |||| 00| 0 eng d
020
_a
9789989142482
041
_a
eng
080
_a
820
100
_a
21
101
_a
GJL
245
_a
Klubi i Shkrimtarëve "JEHONA E KARADAKUT" Një çerekshekull
_c
Demiri,S
942
_2
udc
_c
BK
999
_c
49369
_d
49369